|
|
|
|
| LEADER |
01382nam a2200301 a 4500 |
| 001 |
0017762 |
| 003 |
BD-DhAAL |
| 008 |
100920s2008 enka b 001 0 eng d |
| 010 |
|
|
|a 2008016311
|
| 020 |
|
|
|a 9781403997227 (alk. paper)
|
| 020 |
|
|
|a 1403997225 (alk. paper)
|
| 040 |
|
|
|a DLC
|c DLC
|d UKM
|d YDXCP
|d BTCTA
|d BAKER
|d BWKUK
|d BWK
|d BWX
|d NLGGC
|d IXA
|d COD
|d DLC
|d BD-DhAAL
|
| 082 |
0 |
0 |
|a 001.4202854678
|2 22
|
| 100 |
1 |
|
|a Dolowitz, David P.
|9 58246
|
| 245 |
1 |
0 |
|a Researching online /
|c David Dolowitz, Steve Buckler, and Fionnghuala Sweeney.
|
| 260 |
|
|
|a Houndmills, Basingstoke, Hampshire ;
|a New York :
|b Palgrave Macmillan,
|c 2008.
|
| 300 |
|
|
|a xxiii, 224 p. :
|b ill. ;
|c 22 cm
|
| 490 |
0 |
|
|a Palgrave study skills
|
| 504 |
|
|
|a Includes bibliographical references and index.
|
| 526 |
|
|
|a ENH
|x Sohana Manzoor
Faculty Member of BRAC University
|
| 541 |
1 |
|
|e 00017762
|a Karim International
|
| 650 |
|
0 |
|a Internet research.
|9 58247
|
| 700 |
1 |
|
|a Buckler, Steve,
|d 1960-
|9 58248
|
| 700 |
1 |
|
|a Sweeney, Fionnghuala.
|9 58249
|
| 852 |
4 |
|
|a Ayesha Abed Library
|c General Stacks
|
| 942 |
|
|
|2 ddc
|c BK
|
| 999 |
|
|
|c 9496
|d 9496
|
| 952 |
|
|
|0 0
|1 0
|2 ddc
|4 0
|6 001_420285467800000_DOL_2008
|7 0
|9 11915
|a BRACUL
|b BRACUL
|c GEN
|d 2010-09-21
|e Karim International
|g 1266.00
|l 7
|m 50
|o 001.4202854678 DOL
|p 3010017762
|r 2024-04-02
|s 2024-01-29
|t 1
|w 2010-09-21
|y BK
|x Requisitioned by Sohana Manzoor (Faculty member of BRAC University).
|